| Поле | Инд. | ПП | Название | Значение |
|---|---|---|---|---|
| Тип записи | a | |||
| Библиографический уровень | m | |||
| 001 | Контрольный номер | 844c1c69-c3f0-485f-b549-9c6cbcb2921f | ||
| 005 | Дата корректировки | 20140226195628.8 | ||
| 008 | Кодируемые данные | 991104 d | ||
| 020 | a | ISBN | 5-7511-0948-1 | |
| c | Цена, тираж | 8.70 | ||
| 040 | a | Служба первич. каталог. | НБ ТвГУ | |
| 041 | a | Код языка текста | rus | |
| 080 | a | Индекс УДК | 001.8(075.8) | |
| a | Индекс УДК | 007.2:116(075.8) | ||
| a | Индекс УДК | 008(075.8) | ||
| 084 | a | Индекс другой классификации/Индекс ББК | Ю251.2я731-1 | |
| a | Индекс другой классификации/Индекс ББК | Ю66я731-1 | ||
| 090 | c | Каталожный индекс | Ю251.2я731-1 + Ю66я731-1 | |
| x | Авторский знак | С66 | ||
| a | Полочн. индекс | Ю251.2 | ||
| 100 | 1_ | a | Автор | Соснин Эдуард Анатольевич |
| 245 | 0_ | a | Заглавие | Лазерная модель творчества |
| b | Продолж. заглавия | (От теории доминанты - к синергетике культуры): Учеб. пособие | ||
| c | Ответственность | Э.А. Соснин, Б.Н. Пойзнер; Под ред. А.В. Войцеховского; Том. гос. ун-т | ||
| c | Ответственность | Том. гос. ун-т | ||
| 260 | 0_ | a | Место издания | Томск |
| b | Издательство | Изд-во Том. ун-та | ||
| c | Дата издания | 1997 | ||
| 300 | a | Объем | 148 с. | |
| b | Иллюстрации/ тип воспроизводства | ил. | ||
| 504 | a | Библиография | Библиогр.: с.131-139. | |
| 583 | a | Действие | Получение впервые 395 20.07.98 | |
| k | Исполнитель действия | Обмен | ||
| 650 | a | Основная рубрика | Творчество | |
| x | Основная подрубрика | Философские проблемы | ||
| x | Основная подрубрика | Методология | ||
| 650 | a | Основная рубрика | Синергетика культуры | |
| x | Основная подрубрика | Учебники для вузов | ||
| 653 | a | Ключевые слова | Культура | |
| a | Ключевые слова | Идея | ||
| a | Ключевые слова | Лазерная техника | ||
| a | Ключевые слова | Творчество | ||
| a | Ключевые слова | Систем теория | ||
| a | Ключевые слова | Синергетика | ||
| a | Ключевые слова | Самоорганизация | ||
| a | Ключевые слова | Творческая среда | ||
| 700 | 1_ | a | Другие авторы | Пойзнер Борис Николаевич |
| 700 | 1_ | a | Другие авторы | Войцеховский А.В. |
| e | Роль лиц | Ред. | ||
| 852 | t | Порядковый номер экземпляра | 2 | |
| p | Инвентарный номер | 698797 | ||
| p | Инвентарный номер | 698798 | ||
| 888 | a | Бесплатные | ||
| 952 | p | 395.98 8.70 1 698797 | ||
| p | 395.98 8.70 1 698798 | |||
| c | Вид литературы | К ру | ||
| 954 | a | Дата поступления на обработку | 19980727 | |
| 999 | a | Подразделение 2 | Фил3 |